Statistics for Crime: motor vehicle theft

Click here to take the quiz!

General Stats

  • This quiz has been taken 2 times
  • The average score is 11 of 20

Answer Stats

HintAnswer% Correct
8.England and Wales
100%
15.Finland
100%
11.France
100%
4.Italy
100%
20.Portugal
100%
14.Scotland
100%
18.Spain
100%
7.USA
100%
6.Australia
50%
19Canada
50%
5.Israel
50%
13.Norway
50%
2.Sweden
50%
1.Switzerland
50%
9.Bahamas
0%
16.Bahrain
0%
17.Denmark
0%
10.Ireland
0%
12.Malaysia
0%
3.New Zealand
0%

Score Distribution

Percentile by Number Answered

Percent of People with Each Score

Your Score History

You have not taken this quiz